Stanovenie znaleckej ceny vybraného mimoburzového derivátového nástroja diplomová práca

Guardado en:
Detalles Bibliográficos
Autor principal: Valentová, Veronika
Autor Corporativo: Fakulta podnikového manažmentu EU. Katedra podnikových financií
Otros Autores: Markovič, Peter, 1974-
Formato: Libro
Lenguaje:eslovaco
Publicado: Bratislava 2014
Etiquetas: Agregar Etiqueta
Sin Etiquetas, Sea el primero en etiquetar este registro!

MARC

LEADER 00000nbm a2200000 4500
001 0187983
005 20170201092156.0
041 0 |a slo 
044 |a SK 
245 1 0 |a Stanovenie znaleckej ceny vybraného mimoburzového derivátového nástroja  |b diplomová práca  |c Veronika Valentová ; školiteľ: Peter Markovič 
264 1 |a Bratislava  |c 2014 
300 |a 59 s. 
100 1 |a Valentová, Veronika 
700 1 |a Markovič, Peter, 1974- 
710 2 |a Fakulta podnikového manažmentu EU. Katedra podnikových financií